| 000 | 00570nam a2200205Ia 4500 | ||
|---|---|---|---|
| 003 | GCL | ||
| 008 | 140319s9999 xx 000 0 eng d | ||
| 040 |
_aGCL / _cGCL |
||
| 082 | 0 | 4 |
_a620.112 _bN S |
| 100 | 1 | _aNASH, WILLIAM | |
| 245 | 1 | 0 |
_aSCHAUM'S OUTLINE OF THEORY AND PROBLEMS OF STRENGTH OF MALERIALS / _cNASH, WILLIAM |
| 260 |
_a[S.N] : _bMC GRAW - HILL ، _c1994 |
||
| 300 | _a423 P | ||
| 490 |
_aSCHAUM'S OUTLINE SERIES _v0 |
||
| 650 | 0 | 4 | _aSTRENGTH - MATERIALS |
| 650 | 0 | 4 | _aEXERCISES |
| 650 | 0 | 4 | _aOUTLINES |
| 650 | 0 | 4 | _aPROBLEM SOLVING |
| 942 |
_2ddc _cBK |
||
| 999 |
_c25028 _d25028 |
||